| 000 -LEADER |
| fixed length control field |
01125cam a2200265 i 4500 |
| 001 - CONTROL NUMBER |
| control field |
18599675 |
| 005 - DATE AND TIME OF LATEST TRANSACTION |
| control field |
20221122173431.0 |
| 008 - FIXED-LENGTH DATA ELEMENTS--GENERAL INFORMATION |
| fixed length control field |
150501s2016 nyu b 001 0 eng |
| 020 ## - INTERNATIONAL STANDARD BOOK NUMBER |
| International Standard Book Number |
9781138914049x |
| 041 ## - LANGUAGE CODE |
| Language code of text/sound track or separate title |
eng |
| 080 ## - UNIVERSAL DECIMAL CLASSIFICATION NUMBER |
| Universal Decimal Classification number |
336 F-54 |
| 245 00 - TITLE STATEMENT |
| Title |
Financial regulation in the European Union / |
| Statement of responsibility, etc. |
edited by Rainer Kattel, Jan Kregel and Mario Tonveronachi. |
| 250 ## - EDITION STATEMENT |
| Edition statement |
First Edition. |
| 264 #1 - PRODUCTION, PUBLICATION, DISTRIBUTION, MANUFACTURE, AND COPYRIGHT NOTICE |
| Place of production, publication, distribution, manufacture |
New York : |
| Name of producer, publisher, distributor, manufacturer |
Routledge, Taylor & Francis |
| Date of production, publication, distribution, manufacture, or copyright notice |
2016. |
| 300 ## - PHYSICAL DESCRIPTION |
| Extent |
331 pages ; |
| Dimensions |
24 cm. |
| 490 1# - SERIES STATEMENT |
| Series statement |
Routledge critical studies in finance and stability ; |
| Volume/sequential designation |
7 |
| 504 ## - BIBLIOGRAPHY, ETC. NOTE |
| Bibliography, etc. note |
Includes bibliographical references and index. |
| 653 ## - INDEX TERM--UNCONTROLLED |
| keyword |
ფინანსური რეგულაცია ევროკავშირში |
| 653 ## - INDEX TERM--UNCONTROLLED |
| keyword |
მონეტარული პოლიტიკა |
| 653 ## - INDEX TERM--UNCONTROLLED |
| keyword |
ბანკები და საბანკო საქმე |
| 700 1# - ADDED ENTRY--PERSONAL NAME |
| Personal name |
Kattel, Rainer, |
| Dates associated with a name |
1974- |
| Relator term |
რედაქტორი |
| 9 (RLIN) |
11418 |
| 700 1# - ADDED ENTRY--PERSONAL NAME |
| Personal name |
Kregel, J. A., |
| Relator term |
რედაქტორი |
| 9 (RLIN) |
11419 |
| 700 1# - ADDED ENTRY--PERSONAL NAME |
| Personal name |
Tonveronachi, Mario, |
| Relator term |
რედაქტორი |
| 9 (RLIN) |
11420 |
| 942 ## - ADDED ENTRY ELEMENTS (KOHA) |
| Source of classification or shelving scheme |
|
| Koha item type |
წიგნი |